Statistics for Largest Non-Capital in Oceanian Countries

Click here to take the quiz!

General Stats

  • This quiz has been taken 26 times
  • The average score is 3 of 12

Answer Stats

Country Answer % Correct
New ZealandAuckland
100%
Papua New GuineaLae
61%
PalauKoror
44%
MicronesiaWeno
28%
FijiNasinu
22%
Marshall Is.Ebeye
11%
NauruDenigomudu
11%
KiribatiBetio
6%
Solomon IslandsGizo
6%
TongaNeiafu
6%
SamoaVaitele
0%
TuvaluAsau
0%

Score Distribution

Percentile by Number Answered

Percent of People with Each Score

Your Score History

You have not taken this quiz